| 000 | 00806cam a2200265 4500 | ||
|---|---|---|---|
| 001 | M91081 | ||
| 008 | 090401t1998 xxu||||| |||| 00| 0 eng d | ||
| 035 | _a(Sirsi) u85544 | ||
| 041 | _aeng | ||
| 050 | _a333.337 | ||
| 110 |
_aLondon Economics _93619 |
||
| 245 | 3 | _aAn independent report on the nature of the commercial property industry in the UK. | |
| 260 |
_aLondon _bLondon Economics _c1998 |
||
| 300 | _axii,97p. ; 30cm. | ||
| 350 | _a0 | ||
| 520 | _aPrepared for the British Property Federation by London Economics. | ||
| 650 | _aPROPERTY-COMMERCIAL PROPERTY | ||
| 650 | _aPROPERTY CYCLES | ||
| 650 | _aPROPERTY MARKET | ||
| 650 | _aPROPERTY PERFORMANCE | ||
| 690 | _aPROPERTY-COMMERCIAL PROPERTY | ||
| 710 |
_aBritish Property Federation _91604 |
||
| 942 | _n0 | ||
| 948 | _c14/04/1998 | ||
| 999 |
_c97053 _d97053 |
||